000 01271nam0a22002771 4500
001 rc\4543468
005 20190123112409.0
021 _aRU
_b[67-85297]
035 _a(NLR Aleph) 008636945
090 _a8918056
_c8918056
100 _a20130416d1967 |||y0rusy50 ca
101 0 _arus
102 _aRU
105 _ay j |||||
200 1 _aЛекции по методике изучения русского языка в школе глухих
_eУчеб. пособие для студентов-заочников дефектол. фак. пед. ин-тов
_fГл. упр. высш. и сред. пед. учеб. заведений М-ва просвещения РСФСР. Моск. гос. заоч. пед. ин-т
210 _aМосква
_cПросвещение
_d1967
215 _a96 с.
_d20
320 _aБиблиогр.: с. 95
606 _aРусский язык
_xМетодика преподавания в школе глухих
_jПособия заочные
_2psbo
700 1 _aКомаров
_bК. В.
_cсурдопедагог
_gКонстантин Васильевич
_3RU\NLR\AUTH\7724814
801 0 _aRU
_bNLR
_gpsbo
801 1 _aRU
_bELAR
_2rusmarc
852 _aNLR
_j67-4/21085
942 _cBOOK
980 _aNB